Komplexná príprava výroby
Saved in:
| Main Author: | |
|---|---|
| Other Authors: | , , |
| Format: | Book |
| Language: | Slovak |
| Published: |
Bratislava
Alfa
1990
|
| Edition: | 1. vyd. |
| Series: | Edícia ekonomickej literatúry
|
| Subjects: | |
| Tags: |
No Tags, Be the first to tag this record!
|
MARC
| LEADER | 00000nam a2200000 4500 | ||
|---|---|---|---|
| 001 | c003421 | ||
| 005 | 20221215070738.2 | ||
| 020 | |a 80-05-00658-6 | ||
| 041 | 0 | |a slo | |
| 044 | |a SK | ||
| 245 | 1 | 0 | |a Komplexná príprava výroby |c Wolfgang Heyde, Gerd Laudel, Helmut Sabisch ; Jozef Kurdel |
| 250 | |a 1. vyd. | ||
| 264 | 1 | |a Bratislava |b Alfa |c 1990 | |
| 300 | |a 193 s. | ||
| 490 | 1 | |a Edícia ekonomickej literatúry | |
| 830 | 0 | |a Edícia ekonomickej literatúry | |
| 610 | 2 | 0 | |a príprava výroby |
| 610 | 2 | 0 | |a intenzifikácia výroby |
| 610 | 2 | 0 | |a efektívnosť výroby |
| 610 | 2 | 0 | |a výrobky nové |
| 610 | 2 | 0 | |a inovácia |
| 610 | 2 | 0 | |a príprava výroby technologická |
| 610 | 2 | 0 | |a vývoj výrobku |
| 610 | 2 | 0 | |a rozvoj vedeckotechnický |
| 610 | 2 | 0 | |a reprodukcia prostriedkov základných |
| 610 | 2 | 0 | |a racionalizácia výroby |
| 610 | 2 | 0 | |a kombináty |
| 610 | 2 | 0 | |a technika výpočtová |
| 610 | 2 | 0 | |a využitie počítačov |
| 100 | 1 | |a Heyde, Wolfgang | |
| 700 | 1 | |a Laudel, Gerd | |
| 700 | 1 | |a Sabisch, Helmut | |
| 700 | 1 | |a Kurdel, Jozef | |